00782nam a2200253 4500003000400000005001700004008004100021040001800062041000800080050002100088100003200109245003300141264003100174300003300205336002200238337002400260338002400284500008400308650002900392650003100421650004400452942001500496999001700511OSt20260530113852.0260508b1972 uxx||||| |||| 00| 0 eng d aICIbspacICI aeng aND1488bG78 19721 aGrumbacher, Mdautot93128510aColor CompasscM. Grumbacher 1bNew YorkcGrumbachera1972 a20 páginas:bIlustraciones atexto2rdacontent asin medio2rdamedia avolumen2rdacarrier aManual introductorio sobre teoría y aplicación del color en arte y diseño aColor en el arte.921221 aTeoría del color.931286 aDiseñoxAspectos cromáticos.931287 2lcccBKn1 c11473d11473